| 000 | 005390000a22001330004500 | ||
|---|---|---|---|
| 090 |
_aAS _bSeriadas |
||
| 245 | 1 | 0 | _aNueva especie de Hyla del grupo larinopygion (<Amphibia: Anura: Hylidae>) del sur de la Cordillera Central de Colombia |
| 041 | 0 | _aEspañol | |
| 700 | 1 |
_aRuiz Carranza, Pedro M. _994187 |
|
| 700 | 1 |
_aRoa Trujillo, Sonia Herminia _941414 |
|
| 100 | 1 |
_aArdila Robayo, María Cristina _94334 |
|
| 942 | _cARTICULO | ||
| 773 | 1 |
_tRevista de la Academia Colombiana de Ciencias Exactas, Fisicas y Naturales _332 _h71 _q559-565 _d1993 _g18 |
|
| 999 |
_c14014 _d14014 |
||